Riconosci il Pokémon - Quiz n°355 - Statistics

Statistiche generali
  • Questo quiz è stato fatto 2 volte
  • Il punteggio medio è 3 su 10
Statistiche sulle risposte
Indizio Risposta % Corretto
Abilità Aurafolletto
100%
Tipo Folletto
100%
Stadio evoluzione Non si evolve
50%
Generazione Sesta
50%
Peso 215,0 kg
0%
Altezza 3,0 m
0%
Tasso di cattura 45 (11.9%)
0%
Tasso di allevamento Lento
0%
Sesso Sconosciuto
0%
Pokémon Xerneas
0%
Nessun quiz corrispondente trovato
Distribuzione punteggi
Percentuale di utenti per punteggio
Percentile per numero di risposta
I tuoi punteggi nel tempo
Non hai fatto questo quiz